|
|
|
|
| LEADER |
00610nam a22001337a 4500 |
| 020 |
|
|
|a FJ15SM11
|
| 082 |
|
|
|a 658.4038
|b INF
|
| 245 |
|
|
|a Information systems control and audit
|
| 260 |
|
|
|a New Delhi
|b The Institute of Chartered Accountants of India
|c 2015
|
| 650 |
|
|
|a Information resource management
|
| 942 |
|
|
|c BK
|
| 999 |
|
|
|c 36370
|d 36370
|
| 952 |
|
|
|0 0
|1 0
|4 0
|6 658_403800000000000_INF
|7 0
|8 Stack
|9 38477
|a KUCL
|b KUCL
|c Stack
|d 2015-12-02
|l 0
|o 658.4038 INF
|p G1646
|r 2015-12-02
|w 2015-12-02
|y BK
|
| 952 |
|
|
|0 0
|1 0
|4 0
|6 658_403800000000000_INF
|7 0
|8 Stack
|9 38479
|a KUCL
|b KUCL
|c Stack
|d 2015-12-02
|l 0
|o 658.4038 INF
|p G1647
|r 2015-12-02
|w 2015-12-02
|y BK
|